Normal view
MARC view
Entry Topical Term
001 - CONTROL NUMBER
- control field: 16271
003 - CONTROL NUMBER IDENTIFIER
- control field: BD-RjUL
005 - DATE AND TIME OF LATEST TRANSACTION
- control field: 20250724174745.0
008 - FIXED-LENGTH DATA ELEMENTS
- fixed length control field: 250724|| aca||aabn | a|a d
040 ## - CATALOGING SOURCE
- Original cataloging agency: BD-RjUL
- Transcribing agency: BD-RjUL
150 ## - HEADING--TOPICAL TERM
- Topical term or geographic name entry element: Trade unions
- Form subdivision: Garment
- Geographic subdivision: Bangladesh
670 ## - SOURCE DATA FOUND
- Source citation: Work cat.: (BD-RjUL)85322: Hussain, Muhammad. Saddam 16270, Trade unions and partisan politics in the readymade garment industry of Bangladesh / , 2024